[Event "AUTO-INT-3916"]
[Site "http://www.queenalice.com/game.php?id=1852018"]
[Date "2025.2.12"]
[Round "1"]
[White "Carlos19"]
[Black "Yanni"]
[Result "1-0"]
[WhiteElo "1644"]
[BlackElo "1402"]

1. e4 e5 2. Nf3 Nc6 3. Bc4 h6 4. Nc3 Bc5 5. a3 Nf6 6. d3 Ng4 7. O-O Qf6 8. h3
Bxf2+ 9. Rxf2 Nxf2 10. Kxf2 Nd4 11. Nd5 Qg6 12. Nxc7+ Kf8 13. Nxa8 d5 14. Bxd5
Ke7 15. Nxe5 Qf6+ 16. Nf3 Bd7 17. Bxb7 g5 18. Nc7 Qg6 19. Nxd4 Qf6+ 20. Nf3 g4
21. Nd5+ Kd6 22. Nxf6 Be6 23. Nxg4 h5 24. Nf6 Ke7 25. Bg5 Rb8 26. Nxh5+ Kd6 27.
e5+ Kd7 28. Nf6+ Ke7 29. Bd5 Rb5 30. Nh7+ Kd7 31. c4 Rxb2+ 32. Nd2 a5 33. Qa4+
Kc8 34. Bxe6+ fxe6 35. Qxa5 Kd7 36. Qd8+ Kc6 37. Qd6+ Kb7 38. Rb1 Ka7 39. Rxb2
Ka8 40. Qb8# 1-0

[Event "AUTO-INT-3916"]
[Site "http://www.queenalice.com/game.php?id=1852019"]
[Date "2025.2.12"]
[Round "1"]
[White "Yanni"]
[Black "Carlos19"]
[Result "0-1"]
[WhiteElo "1391"]
[BlackElo "1723"]

1. e4 e5 2. Nf3 Nc6 3. Bc4 h6 4. a3 Bc5 5. Qe2 Nf6 6. h3 O-O 7. d3 Nd4 8. Nxd4
Bxd4 9. Ra2 a6 10. c3 Bb6 11. Nd2 Re8 12. Nf3 d6 13. Bxh6 gxh6 14. d4 exd4 15.
cxd4 Rxe4 16. b4 Rxe2+ 17. Kxe2 Qe7+ 18. Kd3 Bf5+ 19. Kc3 Ne4+ 20. Kc2 Nxf2+ 21.
Kc3 Qe3+ 22. Kb2 Bxd4+ 23. Nxd4 Qxd4+ 24. Kc1 Qxc4+ 25. Kd2 Qxa2+ 26. Ke3 Nxh1
27. Kf4 Qf2# 0-1

[Event "AUTO-INT-3916"]
[Site "http://www.queenalice.com/game.php?id=1852028"]
[Date "2025.2.12"]
[Round "1"]
[White "game"]
[Black "Yanni"]
[Result "0-1"]
[WhiteElo "1566"]
[BlackElo "1379"]

1. e4 e5 2. Bc4 h6 3. Qf3 Nf6 4. Qg3 a6 5. Qxe5+ Be7 6. Qg3 Rg8 7. d4 Nxe4 8.
Qf3 Rf8 9. Qxe4 Nc6 10. d5 Nb4 11. Qh7 f5 12. Qxg7 d6 13. Kd1 f4 14. Qxh6 Bf5
15. Bb3 Qd7 16. Qxf4 Bg4+ 17. f3 Rxf4 18. Nc3 Bf5 19. Ba4 Rd4+ 20. Bd2 b5 21.
Ne4 bxa4 22. c3 Rxe4 23. fxe4 Bxe4 24. cxb4 Qg4+ 25. Ne2 Qxg2 26. Rg1 Qxh2 27.
Rg8+ Bf8 28. Be1 Kf7 29. Rg3 Bxd5 30. Rc1 c6 31. Nd4 Qh5+ 32. Kd2 Bh6+ 33. Kc2
Be4+ 34. Kc3 Bxc1 35. Bd2 Qd1 36. Bxc1 Qxc1+ 37. Nc2 Qxc2+ 38. Kd4 d5 39. Rg4
Qxb2+ 40. Ke3 Qa3+ 41. Kd4 Qd3+ 42. Ke5 Qc3+ 43. Kd6 Qxb4+ 44. Ke5 Re8+ 45. Kf4
Qd2+ 0-1

[Event "AUTO-INT-3916"]
[Site "http://www.queenalice.com/game.php?id=1852029"]
[Date "2025.2.12"]
[Round "1"]
[White "Yanni"]
[Black "game"]
[Result "0-1"]
[WhiteElo "1396"]
[BlackElo "1589"]

1. e4 d6 2. Bb5+ Bd7 3. Bc4 Bc6 4. Nc3 e5 5. d3 Nf6 6. Nf3 Ng4 7. Bg5 Be7 8. h3
Nh6 9. a3 Bxg5 10. h4 Bf4 11. g3 b5 12. Bb3 Bxg3 13. fxg3 Bb7 14. Nxb5 Qd7 15.
Bc4 O-O 16. Rf1 Ng4 17. Qd2 Nc6 18. h5 Nd4 19. Nbxd4 exd4 20. Nxd4 Kh8 21. Nf3
Rfe8 22. O-O-O d5 23. exd5 Ne3 24. Ng5 Nxf1 25. Rxf1 Bxd5 26. h6 gxh6 27. Nf3
Re6 28. Nd4 Bxc4 29. dxc4 Rd6 30. Qc3 Rxd4 31. Rd1 Rd8 32. b4 Kg8 33. g4 Rxd1+
34. Kb2 Qd4 35. Qxd4 R8xd4 36. c3 Rxg4 37. Kb3 f5 38. Kc2 Rgg1 39. c5 f4 40. b5
Rd5 41. Kb3 f3 42. c4 Rd3+ 43. Kc2 Rxa3 44. Kb2 Raa1 45. b6 axb6 46. cxb6 cxb6
47. Kc3 f2 48. Kb4 f1=Q 49. Kb5 Qb1+ 50. Kc6 Ra4 51. Kd5 Ra7 52. Kc6 Rc1 53. c5
bxc5 54. Kd6 Qg6+ 55. Kd5 Rd1+ 56. Kxc5 Rb7 57. Kc4 Qc2# 0-1

[Event "AUTO-INT-3917"]
[Site "http://www.queenalice.com/game.php?id=1852256"]
[Date "2025.2.15"]
[Round "1"]
[White "Yanni"]
[Black "game"]
[Result "0-1"]
[WhiteElo "1388"]
[BlackElo "1561"]

1. e4 e5 2. Nf3 d6 3. Nc3 Nf6 4. Bb5+ Nc6 5. d3 Ng4 6. h3 Nf6 7. Bg5 Be7 8. a3
Bd7 9. h4 h6 10. Bxf6 Bxf6 11. Qd2 a6 12. Bc4 g5 13. hxg5 Be7 14. g6 fxg6 15.
O-O-O Nd4 16. Nxd4 Bg5 17. f4 Bxf4 18. Rhf1 Bxd2+ 19. Rxd2 exd4 20. Ne2 c5 21.
Nf4 Qg5 22. e5 dxe5 23. Nd5 Rf8 24. Nc7+ Ke7 25. Re1 Rf2 26. Rd1 Raf8 27. Nd5+
Kd6 28. b3 b5 29. b4 Bg4 30. Kb2 Rxd2 31. bxc5+ Kxc5 32. Ra1 bxc4 33. Nc7 cxd3
34. Nxa6+ Kc4 35. Nb4 e4 36. a4 Kxb4 37. Ra3 Rxc2+ 38. Kb1 Rf1# 0-1

[Event "AUTO-INT-3917"]
[Site "http://www.queenalice.com/game.php?id=1852257"]
[Date "2025.2.15"]
[Round "1"]
[White "game"]
[Black "Yanni"]
[Result "1-0"]
[WhiteElo "1502"]
[BlackElo "1373"]

1. e4 e5 2. Nf3 Bd6 3. d4 Nf6 4. Bc4 Nxe4 5. Nxe5 Qf6 6. Bxf7+ Ke7 7. Qg4 Qxf2+
8. Kd1 Nc6 9. Qxe4 Bxe5 10. d5 Qxf7 11. dxc6 dxc6 12. Qxe5+ Be6 13. Qxc7+ Bd7
14. Bg5+ Ke6 15. Re1+ Kf5 16. Qf4+ Kg6 17. Qxf7+ Kxg5 18. Qxd7 Rad8 19. Re5+ Kf4
20. Rf5+ Ke4 21. Nc3+ Ke3 22. Nd5+ Kd4 23. Qxg7+ Ke4 24. Qe5# 1-0

[Event "Challenge"]
[Site "http://www.queenalice.com/game.php?id=1852623"]
[Date "2025.2.22"]
[Round "-"]
[White "Mr_SPOCK"]
[Black "Yanni"]
[Result "0-1"]
[WhiteElo "1704"]
[BlackElo "1387"]

1. e4 e5 2. Qh5 Qe7 3. Nf3 d6 4. Ng5 g6 5. Qh4 Nf6 6. Nc3 a6 7. Bc4 Bd7 8. Bxf7+
Kd8 9. Ne2 h6 10. b3 Bg7 11. c4 hxg5 12. Qxg5 Qxf7 13. d3 Rh5 14. Qd2 Ng4 15. f3
Nf6 16. d4 exd4 17. f4 Bh6 18. Bb2 Nxe4 19. Qxd4 Nf6 20. O-O-O Nc6 21. Qe3 Kc8
22. h4 Ng4 23. Qg3 Nb4 24. Kd2 d5 25. a3 Nc6 26. Kc1 Kb8 27. cxd5 Rxd5 28. Nc3
Bxf4+ 29. Kb1 Bxg3 30. Nxd5 Nf2 31. Rhf1 Bf5+ 32. Ka2 Nxd1 33. Rxd1 Bg4 34. Ne3
Be6 35. Rd3 Na5 36. Kb1 Ka7 37. Bd4+ b6 38. b4 Nb7 39. a4 Qf2 40. Nc2 Qf1+ 41.
Kb2 Qxd3 42. Bc3 Bf5 43. Kb3 Qxc2+ 44. Kc4 Be6+ 45. Kd4 Rd8+ 46. Ke3 Qxc3+ 47.
Ke4 Bf5# 0-1

[Event "Challenge"]
[Site "http://www.queenalice.com/game.php?id=1853234"]
[Date "2025.3.3"]
[Round "-"]
[White "StarWarsJedi"]
[Black "Yanni"]
[Result "1-0"]
[WhiteElo "1163"]
[BlackElo "1397"]

1. e4 e5 2. Nf3 Nc6 3. Bb5 Nce7 4. Nxe5 c6 5. Bc4 Nh6 6. d4 b5 7. Bb3 d6 8. Nd3
Bg4 9. f3 Bh5 10. Nf4 Bg6 11. a4 b4 12. d5 c5 13. a5 Nc8 14. Ba4+ Ke7 15. Bc6
Rb8 16. Ne6 fxe6 17. Bg5+ Kf7 18. dxe6+ Kxe6 19. Qd5# 1-0

[Event "AUTO-INT-3920"]
[Site "http://www.queenalice.com/game.php?id=1853266"]
[Date "2025.3.4"]
[Round "1"]
[White "Yanni"]
[Black "juim"]
[Result "0-1"]
[WhiteElo "1416"]
[BlackElo "1642"]

1. e4 d5 2. Bb5+ Bd7 3. Bd3 dxe4 4. Bxe4 Bc6 5. Qe2 Bxe4 6. Qxe4 c6 7. Nf3 e6 8.
Ne5 Nf6 9. Qc4 Nd5 10. d3 Bd6 11. Nd2 Bxe5 12. Rb1 O-O 13. Nf3 Bf6 14. h3 Nd7
15. Nh4 Bxh4 16. Qg4 Bf6 17. Bh6 Ne5 18. Qg3 Nb4 19. O-O Nxc2 20. Rbc1 Nd4 21.
Rce1 Nf5 22. Qf4 Nxd3 23. Qg4 Nxe1 24. Rxe1 Nxh6 25. Qg3 Bxb2 26. Re2 Qd1+ 27.
Kh2 Qxe2 28. Qb3 Qxf2 29. h4 Bd4 30. Qh3 Be5+ 31. Kh1 Qf1# 0-1

[Event "AUTO-INT-3920"]
[Site "http://www.queenalice.com/game.php?id=1853267"]
[Date "2025.3.4"]
[Round "1"]
[White "juim"]
[Black "Yanni"]
[Result "1-0"]
[WhiteElo "1685"]
[BlackElo "1427"]

1. e4 e5 2. d4 Nc6 3. d5 Nce7 4. Bg5 f6 5. Bh4 h6 6. Nc3 d6 7. Bb5+ c6 8. Bd3
Qa5 9. Nf3 Bg4 10. O-O g5 11. Bg3 h5 12. h3 Bxf3 13. Qxf3 cxd5 14. Nb5 dxe4 15.
Qxe4 Rh6 16. Qxb7 Qd8 17. Bc4 Rb8 18. Qxa7 d5 19. Be2 Kf7 20. c4 dxc4 21. Rfd1
Qe8 22. Nd6+ Kg7 23. Nxe8+ Rxe8 24. Qa4 Rc8 25. Bxc4 h4 26. Bh2 Nf5 27. Be6 Rc7
28. Bxf5 Ne7 29. Be6 Rb7 30. Rd7 Rxd7 31. Bxd7 Kg6 32. f3 Nf5 33. Qc2 g4 34.
Bxf5+ Kf7 35. fxg4 Be7 36. g5 fxg5 37. Bxe5 Rb6 38. Qc4+ Ke8 39. Bg6+ Kd7 40.
Qc7+ Ke6 41. Qxb6+ Kxe5 42. Re1+ Kd5 43. Qe6+ Kd4 44. Qxe7 g4 45. Re5 gxh3 46.
gxh3 Kc4 47. Qc5# 1-0

[Event "AUTO-INT-3920"]
[Site "http://www.queenalice.com/game.php?id=1853268"]
[Date "2025.3.4"]
[Round "1"]
[White "Yanni"]
[Black "tche_elvio"]
[Result "0-1"]
[WhiteElo "1416"]
[BlackElo "1443"]

1. e4 c5 2. Bc4 e6 3. a3 Nc6 4. Nf3 d6 5. h3 g6 6. d3 Bg7 7. Ra2 Bd7 8. Bg5 Nge7
9. Nc3 O-O 10. Nh4 Ne5 11. Ne2 Nxc4 12. O-O Na5 13. Nf4 Re8 14. b4 cxb4 15. axb4
Qc7 16. Rxa5 b6 17. Ra6 e5 18. Ne2 f6 19. Be3 Bb5 20. Ra3 d5 21. exd5 Nxd5 22.
Bd2 Nf4 23. Rc3 Nxe2+ 24. Qxe2 Qd7 25. Qf3 Bc6 26. Rxc6 Rec8 27. Rxf6 Rf8 28.
Rxf8+ Rxf8 29. Qg3 Qc6 30. c4 e4 31. dxe4 Qxc4 32. Nf3 Qxe4 33. Re1 Qb7 34. Re3
Qd7 35. Be1 Bd4 36. Nd2 Bxe3 37. fxe3 Qf7 38. b5 Qf5 39. e4 Qc5+ 40. Kh1 Qxb5
41. Kg1 Qc5+ 42. Kh2 Qe7 43. Kg1 a5 44. Qb3+ Kg7 45. Qxb6 Qf6 46. Qxa5 Qd4+ 47.
Kh2 Qd6+ 48. Kg1 Qd4+ 49. Kh2 Qd6+ 50. Bg3 Qd3 51. h4 Rd8 52. Bf4 Rd7 53. Qe5+
Kf7 54. g3 Qe2+ 55. Kh3 h5 56. Qh8 Rxd2 57. Qh7+ Kf6 58. Bg5+ Ke5 59. Qe7+ Kd4
60. Bf6+ Kd3 61. Qd6+ Kc2 62. Qc5+ Kd1 63. Qg1+ Kc2 64. e5 Qg4# 0-1

[Event "AUTO-INT-3920"]
[Site "http://www.queenalice.com/game.php?id=1853269"]
[Date "2025.3.4"]
[Round "1"]
[White "tche_elvio"]
[Black "Yanni"]
[Result "0-1"]
[WhiteElo "1451"]
[BlackElo "1425"]

1. e4 e5 2. Nf3 Nc6 3. a3 Nf6 4. Nc3 a6 5. d4 d6 6. d5 Ne7 7. Bd2 h6 8. Be2 Bg4
9. O-O Nh5 10. g3 Bh3 11. Re1 Ng6 12. b4 Qf6 13. Na2 Be7 14. c4 a5 15. b5 O-O
16. a4 Ngf4 17. Bxf4 exf4 18. Qd4 Qg6 19. Nc3 Bf6 20. Qd2 fxg3 21. fxg3 Bg5 22.
Nxg5 hxg5 23. Bf3 g4 24. Bg2 Bxg2 25. Qxg2 Rae8 26. e5 dxe5 27. Qe4 Qf6 28. c5
g6 29. b6 cxb6 30. cxb6 Rc8 31. Qxe5 Qxb6+ 32. Kh1 Rxc3 33. Qxc3 Qf2 34. Qxa5
Kg7 35. Qc7 Rh8 36. Qe5+ Nf6 37. Rf1 Qxh2# 0-1

[Event "Challenge"]
[Site "http://www.queenalice.com/game.php?id=1854142"]
[Date "2025.3.18"]
[Round "-"]
[White "Yanni"]
[Black "Mr_SPOCK"]
[Result "0-1"]
[WhiteElo "1431"]
[BlackElo "1738"]

1. e4 e5 2. Nc3 Nc6 3. Nf3 Nf6 4. Bc4 Bc5 5. d3 O-O 6. Bg5 d6 7. Bh6 gxh6 8. Nh4
Ng4 9. Rf1 Nxh2 10. Rh1 Qxh4 11. Kd2 Qf4+ 12. Ke1 Qxf2# 0-1

[Event "Challenge"]
[Site "http://www.queenalice.com/game.php?id=1854424"]
[Date "2025.3.24"]
[Round "-"]
[White "Mr_SPOCK"]
[Black "Yanni"]
[Result "1-0"]
[WhiteElo "1729"]
[BlackElo "1391"]

1. e4 e5 2. Qh5 g6 3. Qxe5+ Ne7 4. Qxh8 d6 5. Qxh7 Be6 6. Qh4 Nbc6 7. Bb5 Qd7 8.
Nf3 O-O-O 9. O-O a6 10. Ba4 d5 11. Ne5 Qd6 12. d4 Nxd4 13. Bf4 dxe4 14. Nc6 Qd5
15. Nc3 bxc6 16. Nxd5 Nxd5 17. Bg3 Ne2+ 18. Kh1 Be7 19. Qxe4 Nxg3+ 20. fxg3 f5
21. Qxe6+ Rd7 22. Bxc6 Nb6 23. Rfd1 Bd8 24. Rxd7 Nxd7 25. Qxd7+ Kb8 26. Qxd8+
Ka7 27. Qxc7# 1-0

[Event "AUTO-INT-3924"]
[Site "http://www.queenalice.com/game.php?id=1854454"]
[Date "2025.3.24"]
[Round "1"]
[White "game"]
[Black "Yanni"]
[Result "1-0"]
[WhiteElo "1561"]
[BlackElo "1401"]

1. e4 e5 2. Nf3 d6 3. d3 Nf6 4. Ng5 Qd7 5. d4 Nc6 6. Bc4 Nxd4 7. O-O h6 8. Bxf7+
Ke7 9. c3 hxg5 10. Bg6 Rh6 11. Bf5 Qd8 12. cxd4 exd4 13. Qxd4 Bxf5 14. exf5 g4
15. Bxh6 Kd7 16. Bg5 Be7 17. Rd1 Kc8 18. Nc3 Nh5 19. Qxg4 g6 20. fxg6+ Kb8 21.
Nd5 Nf6 22. Bxf6 Bxf6 23. Re1 a6 24. Re6 Bxb2 25. Rae1 Qd7 26. Re8+ Ka7 27. Qxd7
a5 28. Nxc7 Kb6 29. Nxa8+ Kc5 30. R1e2 Bd4 31. Qc7+ Kd5 32. Rc2 b6 33. Nxb6+
Bxb6 34. Qc4# 1-0

[Event "AUTO-INT-3924"]
[Site "http://www.queenalice.com/game.php?id=1854455"]
[Date "2025.3.24"]
[Round "1"]
[White "Yanni"]
[Black "game"]
[Result "0-1"]
[WhiteElo "1435"]
[BlackElo "1510"]

1. e4 e5 2. Nf3 Nc6 3. a3 Nd4 4. Nxe5 Nf6 5. Bc4 Ne6 6. Nc3 Bc5 7. h3 O-O 8. d4
d5 9. exd5 Nxd4 10. Be3 Re8 11. Nf3 Bf5 12. Rc1 Bd7 13. O-O Nh5 14. Bxd4 Bd6 15.
Qd3 Nf4 16. Qd2 h5 17. g3 Nxh3+ 18. Kg2 f5 19. Kxh3 Bc8 20. Rh1 Qd7 21. Rhg1 f4+
22. Kg2 Qh3# 0-1